| 000 | 00535 a2200145 4500 | ||
|---|---|---|---|
| 005 | 20220225103421.0 | ||
| 008 | 190530b2002 sp ||||| |||| 00| 0 spa d | ||
| 040 |
_aCO-BoUCM _bspa _cOscar Ávila (modificó) _dOscar Ávila (modificó) |
||
| 041 | 0 | _aspa | |
| 245 | 1 | 0 |
_aCuadernos de derecho público _cInstituto Nacional de Administración Pública |
| 260 |
_aMadrid _bInstituto Nacional de Administración Pública _c2002 |
||
| 650 | 7 |
_97494 _aDerecho |
|
| 942 |
_cLIBRO _2DEWEY _a8 _e1 _h340 _mC961p |
||
| 999 |
_c312774 _d312774 |
||